| 000 | 01331cad a22002775a 4500 | ||
|---|---|---|---|
| 001 | L153640 | ||
| 008 | 110812s2011 xxk f 000 0 eng d | ||
| 020 | _a9781842197097 | ||
| 035 | _a(Sirsi) u153640 | ||
| 041 | 0 | _aeng | |
| 050 | 0 | 4 | _a658.99 $2 20 |
| 110 | 2 |
_aRoyal Institution of Chartered Surveyors _94900 |
|
| 245 | 0 | 0 |
_aCost analysis and benchmarking _h[old edition] |
| 260 |
_aCoventry _bRICS _c2011 |
||
| 490 | 0 |
_aRICS Guidance Note _v(GN 86/2011) |
|
| 490 | 0 | _aRICS Black Book | |
| 520 | _aThis guidance note summarises the purpose and process of both cost analysis and construction project benchmarking. It is based on current practice within the UK and covers the general principles applying to each operation. It does not seek to cover every approach to cost analysis or benchmarking but looks at the subject areas from a practical aspect. | ||
| 520 | _aSuperseded by 2nd edition, August 2024, ISBN 9781783215300 | ||
| 590 | _aKA | ||
| 650 | 2 | 4 | _aRICS BLACK BOOK |
| 650 | 2 | 4 | _aRICS QS AND CONSTRUCTION STANDARDS |
| 651 | 4 | _aUnited Kingdom | |
| 690 | _aBUILT ENVIRONMENT-BUILDING COSTS | ||
| 856 | 4 | 0 |
_uhttps://www.isurv.com/downloads/file/5210/archived_cost_analysis_and_benchmarking_%E2%80%93_global_1st_edition_july_2013%E2%80%93june_2022 _zArchived on isurv (subscription required) |
| 942 |
_n0 _2ddc |
||
| 999 |
_c112625 _d112625 |
||